UITU Library & LRC     

HVDC Power Transmission Systems (Record no. 13317)

MARC details
000 -LEADER
fixed length control field 00466nam a2200181Ia 4500
008 - FIXED-LENGTH DATA ELEMENTS--GENERAL INFORMATION
fixed length control field 240925s9999 xx 000 0 und d
020 ## - INTERNATIONAL STANDARD BOOK NUMBER
International Standard Book Number 9788122437850
082 ## - DEWEY DECIMAL CLASSIFICATION NUMBER
Classification number 621.3132 PAD
100 ## - MAIN ENTRY--PERSONAL NAME
Personal name Padiyar, K. R.
245 #0 - TITLE STATEMENT
Title HVDC Power Transmission Systems
250 ## - EDITION STATEMENT
Edition statement 3rd
260 ## - PUBLICATION, DISTRIBUTION, ETC.
Place of publication, distribution, etc. New Delhi:
Name of publisher, distributor, etc. Katson Books
Date of publication, distribution, etc. ,2015.
300 ## - PHYSICAL DESCRIPTION
Extent xvi, 759p.
Other physical details 0
Type of unit Original
500 ## - GENERAL NOTE
General note Includes Index
600 ## - SUBJECT ADDED ENTRY--PERSONAL NAME
Personal name Power Engineering
650 ## - SUBJECT ADDED ENTRY--TOPICAL TERM
Topical term or geographic name entry element Technology
942 ## - ADDED ENTRY ELEMENTS (KOHA)
Koha item type Books
Holdings
Withdrawn status Lost status Damaged status Not for loan Collection Home library Current library Date acquired Source of acquisition Cost, normal purchase price Total checkouts Full call number Barcode Date last seen Price effective from Koha item type
        Electrical Engineering UITU Library UITU Library 03/09/2016 Royal Book Company 514.25   621.3132 PAD Q10818 09/25/2024 09/25/2024 Books

Powered by Koha